000 00689nam a2200289Ia 4500
005 20260324123029.0
008 008 260324s9999 xx 000 0 eng d
020 _a9780203156834
037 _aEBOOK
040 _aCRL
040 _beng
040 _cCRL
041 _2eng
041 _aeng
084 _qCRL
100 _aHeinz D. Kurz
_91168754
245 0 _aInnovation, Knowledge and Growth
245 0 _bAdam Smith, Schumpeter and the Moderns
260 _bTaylor and Francis
260 _c2012
365 _a
365 _b255
856 _uhttp://www.taylorfrancis.com/books/9780203156834
942 _cEBOOK
999 _c1761925
_d1761925